000 00580nam a2200205Ia 4500
005 20250923145658.0
008 008 250917s9999 xx 000 0 eng d
037 _aTextual
040 _aDSWL
_beng
_cDSWL
041 _aeng
_2eng
084 _aX:958.73, N82
_qDSWL
100 _aRoot, L.S.
_9837863
245 0 _aFringe Benefits : Social insurance in the steel industry
_c by L.S.Root
260 _aCalifornia
_bSage
_c1982
300 _a256 p.
365 _aUSD
_b25
925 _g25
942 _cTEXL
_hX:958.73, N82
999 _c1454271
_d1454271